000 00270nam a2200097Ia 4500
001 642011
005 20250826153518.0
008 250824s9999 xx 000 0 und d
245 0 _aKURTULUŞUN KAHRAMANLARI 10 FATMA SEHER HANIM
_cİSMAİL BİLGİN
260 _bTİMAŞ ÇOCUK
999 _c642011
_d642011